Normal view
MARC view
- ANOOP S.V
Entry Personal Name
001 - CONTROL NUMBER
- control field: 3854
003 - CONTROL NUMBER IDENTIFIER
- control field: OSt
005 - DATE AND TIME OF LATEST TRANSACTION
- control field: 20181103111226.0
008 - FIXED-LENGTH DATA ELEMENTS
- fixed length control field: 181103|| aca||aabn | a|a d
040 ## - CATALOGING SOURCE
- Original cataloging agency: OSt
- Transcribing agency: OSt
100 ## - HEADING--PERSONAL NAME
- Personal name: ANOOP S.V
670 ## - SOURCE DATA FOUND
- Source citation: Work cat.: (OSt)14966: ANOOP S.V ANSI K.A DIDEESH M, Design and development of manually operated copra slicer
